[Event "Pavlodar Open 2016"]
[Site "Pavlodar, "]
[Date "2016.11.27"]
[Round "8"]
[White "Sadubayev, Airat"]
[Black "Kuderinov, Kirill"]
[Result "0-1"]
[WhiteElo "2170"]
[BlackElo "2484"]
[PlyCount "43"]
[EventDate "2017.??.??"]

1. e4 e5 2. Nf3 Nc6 3. Bb5 a6 4. Ba4 Nf6 5. O-O Be7 6. Re1 b5 7. Bb3 d6 8. c3
O-O 9. h3 Na5 10. Bc2 c5 11. d4 cxd4 12. cxd4 Bb7 13. d5 Nc4 14. a4 bxa4 15.
Rxa4 Nb6 16. Ra1 Nfd7 17. Nc3 a5 18. Nd2 Nc5 19. Nf1 g5 20. Ne3 Bc8 21. Qf3 Bd7
22. Kh2 $13 {... 37} 0-1

[Event "Pavlodar Open 2016"]
[Site "Pavlodar, "]
[Date "2016.11.24"]
[Round "5"]
[White "Nurzhanov, Timur"]
[Black "Khegay, Dmitriy"]
[Result "0-1"]
[WhiteElo "2169"]
[BlackElo "2485"]
[PlyCount "82"]
[EventDate "2017.??.??"]

1. d4 d6 2. c4 e5 3. Nf3 e4 4. Nfd2 f5 5. Nc3 Nf6 6. Nb3 Be7 7. Bg5 O-O 8. e3
c6 9. Be2 Be6 10. O-O Bf7 11. d5 Nxd5 12. Bxe7 Nxe7 13. Qd2 Qc7 14. Rad1 Rd8
15. g4 Na6 16. gxf5 Nxf5 17. Nd4 Nh4 18. Nxe4 d5 19. Ng5 Qe7 20. Nxf7 Qxf7 21.
Qc2 Nb4 22. Qb1 dxc4 23. Qe4 Ng6 24. Qe6 Nd3 25. b3 Ngf4 26. Qxf7+ Kxf7 27.
bxc4 Rxd4 28. exf4 Rad8 29. Rb1 b6 30. Bxd3 Rxd3 31. Rb3 R3d4 32. Ra3 R8d7 33.
c5 b5 34. Ra6 Rc7 35. f5 Rg4+ 36. Kh1 Rf4 37. a4 b4 38. Rb1 Kf6 39. Kg2 Kxf5
40. f3 Ke5 41. Kg3 Rc4 0-1

[Event "Pavlodar Open 2016"]
[Site "Pavlodar, "]
[Date "2016.11.21"]
[Round "1"]
[White "Nurgali, Nazerke"]
[Black "Khegay, Dmitriy"]
[Result "0-1"]
[WhiteElo "2019"]
[BlackElo "2485"]
[PlyCount "152"]
[EventDate "2017.??.??"]

1. d4 d6 2. Nf3 Nf6 3. c4 g6 4. g3 Bg7 5. Bg2 O-O 6. O-O c6 7. Nc3 Qb6 8. e4
Bg4 9. Qb3 Nfd7 10. Be3 Bxf3 11. Bxf3 Bxd4 12. Bxd4 Qxd4 13. Qxb7 Ne5 14. Be2
Nbd7 15. Rad1 Qb6 16. Qxb6 Nxb6 17. b3 c5 18. f4 Nc6 19. Bf3 Nd4 20. e5 Rad8
21. Rde1 Kg7 22. Bg2 Rd7 23. exd6 exd6 24. Re3 a5 25. Rd1 a4 26. Ne2 Nf5 27.
Red3 Re8 28. Kf2 Rde7 29. R1d2 Ne3 30. Bf3 Nc8 31. Nc3 axb3 32. axb3 Nf5 33.
Ne2 Ra7 34. g4 Nfe7 35. Nc3 Ra1 36. Nb5 Rb1 37. Na3 Rc1 38. Nb5 h5 39. h3 hxg4
40. hxg4 g5 41. f5 Ng8 42. Nxd6 Nxd6 43. Rxd6 Rb8 44. R2d3 Rc2+ 45. Kg3 Nf6 46.
Re3 Rh8 47. Bg2 Rh4 48. Bh3 Ne4+ 49. Rxe4 Rc3+ 50. Kg2 Rhxh3 51. f6+ Kg6 52.
Re8 Rhg3+ 53. Kf2 Rxg4 54. Rg8+ Kf5 55. Rc8 Ke5 56. Rd2 Kxf6 57. Rxc5 Rxb3 58.
Rc7 Kg6 59. c5 Rf4+ 60. Kg2 Rc3 61. c6 Rf6 62. Rc8 Rcxc6 63. Rg8+ Kh5 64. Rd5
Rg6 65. Rh8+ Kg4 66. Rd4+ Kf5 67. Rhd8 Rge6 68. R8d5+ Re5 69. Rd7 f6 70. Rd2
Re4 71. R7d5+ Kg4 72. R5d3 f5 73. Rg3+ Kh5 74. Rd8 g4 75. Rgd3 Rc2+ 76. Kf1 Ra4
0-1

[Event "Pavlodar Open 2016"]
[Site "Pavlodar, "]
[Date "2016.11.21"]
[Round "1"]
[White "Mukhit, Aisezym"]
[Black "Burmakin, Vladimir"]
[Result "0-1"]
[WhiteElo "2057"]
[BlackElo "2535"]
[PlyCount "102"]
[EventDate "2017.??.??"]

1. e4 c6 2. Nc3 d5 3. Nf3 g6 4. d4 Bg7 5. h3 dxe4 6. Nxe4 Nd7 7. Bc4 Ngf6 8.
Nxf6+ Nxf6 9. O-O O-O 10. Re1 Bf5 11. Qe2 Be4 12. c3 Bxf3 13. Qxf3 h6 14. Bf4
e6 15. Be5 Nd5 16. Rad1 Qb6 17. Rd2 Rad8 18. Bb3 Rd7 19. Bxg7 Kxg7 20. Re5 Qd8
21. Rd1 Qf6 22. Qxf6+ Nxf6 23. Kf1 Rfd8 24. Ke2 b6 25. a4 Rd6 26. g3 Kf8 27.
Ke1 a5 28. Ke2 Ng8 29. f4 h5 30. c4 Rxd4 31. c5 Rxd1 32. Bxd1 Ne7 33. cxb6 Nd5
34. Bc2 Rb8 35. Kf3 Rxb6 36. b3 Rb4 37. Re4 Rb6 38. Rc4 Ke7 39. Rc5 Nb4 40. Be4
Ra6 41. g4 hxg4+ 42. hxg4 Kd6 43. Rg5 Nd5 44. f5 gxf5 45. gxf5 Rb6 46. Bc2 exf5
47. Rxf5 f6 48. Ke2 Rb4 49. Rf3 Rh4 50. Kd2 Ke5 51. Rf2 Kd4 0-1

[Event "Pavlodar Open 2016"]
[Site "Pavlodar, "]
[Date "2016.11.22"]
[Round "3"]
[White "Markov, Mikhail"]
[Black "Akhmetov, Ayan"]
[Result "0-1"]
[WhiteElo "2430"]
[BlackElo "2305"]
[PlyCount "124"]
[EventDate "2017.??.??"]

1. d4 Nf6 2. Nf3 e6 3. Bf4 b6 4. e3 Be7 5. Bd3 O-O 6. Nbd2 Ba6 7. Bxa6 Nxa6 8.
e4 c5 9. e5 Nd5 10. Bg3 cxd4 11. Nxd4 Rc8 12. O-O d6 13. Nb5 dxe5 14. Bxe5 Bf6
15. Bxf6 Qxf6 16. c3 Rcd8 17. Nxa7 Nf4 18. Ne4 Qf5 19. Qf3 Rd3 20. Nc6 Rxf3 21.
Ne7+ Kh8 22. Nxf5 Ne2+ 23. Kh1 Rxf5 24. g3 Nc5 25. Nxc5 Rxc5 26. Rfe1 Nxc3 27.
bxc3 Rxc3 28. Reb1 Rc6 29. a4 g6 30. Kg2 Ra8 31. Rb5 Kg7 32. h4 Kf6 33. Ra2 h5
34. Ra3 Ra5 35. Rab3 Ra6 36. Ra3 Rc5 37. Rb4 Ke7 38. Rab3 Rc6 39. Rd3 Rd6 40.
Rc3 Kd7 41. Rbc4 Ra7 42. Kf3 e5 43. Ke4 Ke6 44. Rb4 f6 45. Ke3 Kd7 46. Rbc4 Ra5
47. Rc7+ Ke6 48. R3c4 Rad5 49. Rc3 Kf5 50. Rb3 Rd1 51. f3 Re1+ 52. Kf2 Ra1 53.
Rb7 Rd2+ 54. Ke3 Rg2 55. R7xb6 Rxa4 56. Rc6 Raa2 57. Rc1 Rxg3 58. Rh1 Rgg2 59.
Rh3 Rad2 60. f4 Rge2+ 61. Kf3 e4+ 62. Kg3 Rg2# 0-1

[Event "Pavlodar Open 2016"]
[Site "Pavlodar, "]
[Date "2016.11.26"]
[Round "7"]
[White "Makhnyov, Denis"]
[Black "Zablotsky, Sergei"]
[Result "0-1"]
[WhiteElo "2366"]
[BlackElo "2518"]
[PlyCount "86"]
[EventDate "2017.??.??"]

1. d4 d6 2. c4 e5 3. Nf3 e4 4. Ng5 f5 5. Nc3 c6 6. g3 Be7 7. Nh3 Nf6 8. Bg2 O-O
9. O-O Na6 10. Nf4 g5 11. Nh3 h6 12. f3 d5 13. fxe4 fxe4 14. cxd5 cxd5 15. Qb3
Nc7 16. Bd2 Be6 17. Nf2 Qd7 18. a4 b6 19. Nb5 Nxb5 20. axb5 Ne8 21. Rfc1 Nd6
22. Rc6 Rfc8 23. Rac1 Nc4 24. Bb4 Bf6 25. e3 Rxc6 26. bxc6 Qxc6 27. Rxc4 dxc4
28. Nxe4 Bxd4 29. exd4 cxb3 30. Nf6+ Kf7 31. Bxc6 Rc8 32. Nd7 Bxd7 33. Bxd7
Rc1+ 34. Kf2 Rc2+ 35. Ke3 Rxb2 36. Bf5 Rxh2 37. d5 Rh1 38. Be6+ Ke8 39. Bc3 Rd1
40. Ke2 Rc1 41. Bf6 b2 42. d6 Re1+ 43. Kxe1 b1=Q+ 0-1

[Event "Pavlodar Open 2016"]
[Site "Pavlodar, "]
[Date "2016.11.27"]
[Round "9"]
[White "Makhnyov, Denis"]
[Black "Sisabayev, Kuanysh"]
[Result "0-1"]
[WhiteElo "2366"]
[BlackElo "2258"]
[PlyCount "72"]
[EventDate "2016.??.??"]

1. c4 Nf6 2. g3 e5 3. Bg2 Be7 4. Nf3 Nc6 5. O-O O-O 6. d4 d6 7. Nc3 Bg4 8. d5
Nb8 9. h3 Bd7 10. c5 Na6 11. cxd6 cxd6 12. Nxe5 dxe5 13. d6 Bc6 14. Bxc6 bxc6
15. dxe7 Qxe7 16. Qa4 Qb7 17. b3 Nc5 18. Qa5 Qb6 19. Qxb6 axb6 20. Be3 Ncd7 21.
Rad1 Rfc8 22. Rd6 Kf8 23. Rfd1 Ke8 24. g4 h6 25. h4 Rc7 26. g5 hxg5 27. hxg5
Ng8 28. Kg2 Ne7 29. Rh1 Ng6 30. Rh7 Ke7 31. Ne4 Rh8 32. Rxg7 Nh4+ 33. Kg1 Nf5
34. Rh6 Rxh6 35. gxh6 Nxg7 36. hxg7 Rc8 0-1

[Event "Pavlodar Open 2016"]
[Site "Pavlodar, "]
[Date "2016.11.28"]
[Round "9"]
[White "Kvan, Andrey"]
[Black "Matsenko, Andrei"]
[Result "0-1"]
[WhiteElo "2180"]
[BlackElo "2372"]
[PlyCount "110"]
[EventDate "2016.??.??"]

1. e4 c6 2. Nf3 d5 3. Nc3 Bg4 4. h3 Bxf3 5. Qxf3 e6 6. d3 Nd7 7. Bd2 Ngf6 8. g3
Qb6 9. Rb1 Bb4 10. Qe2 O-O-O 11. Bg2 d4 12. Nd1 Bxd2+ 13. Qxd2 Kb8 14. O-O e5
15. b4 c5 16. a3 cxb4 17. Rxb4 Qc6 18. f4 Rc8 19. Rf2 a5 20. Rb1 Qa6 21. a4 Rc5
22. c4 Ne8 23. h4 Nd6 24. Bh3 Qc6 25. Kh2 f6 26. Qa2 Re8 27. Qa3 Kc7 28. Rfb2
Nb8 29. fxe5 fxe5 30. Rf2 Na6 31. Nb2 Kb8 32. Rbf1 Qc7 33. Qb3 Ka7 34. Qd1 Qe7
35. Qh5 g6 36. Qg4 Rc7 37. Rf6 Nc5 38. Qe2 Nf5 39. R6xf5 gxf5 40. Bxf5 Rc6 41.
Qd2 Ka6 42. Nd1 Rb6 43. Nf2 Nxa4 44. Qd1 Nc5 45. Qh5 a4 46. Ra1 Rb2 47. Kg1 Rg8
48. g4 Ka5 49. Nd1 Rb6 50. g5 h6 51. g6 Rbxg6+ 52. Bxg6 Qf6 53. Nf2 Qxg6+ 54.
Qxg6 Rxg6+ 55. Kf1 Kb4 0-1

[Event "Pavlodar Open 2016"]
[Site "Pavlodar, "]
[Date "2016.11.22"]
[Round "2"]
[White "Komov, Roman"]
[Black "Markov, Mikhail"]
[Result "0-1"]
[WhiteElo "2167"]
[BlackElo "2430"]
[PlyCount "70"]
[EventDate "2017.??.??"]

1. d4 Nf6 2. c4 e6 3. Nf3 b6 4. g3 Bb4+ 5. Bd2 Be7 6. Nc3 Bb7 7. Bg2 c5 8. d5
O-O 9. O-O exd5 10. Nh4 Re8 11. Nf5 d6 12. cxd5 Bf8 13. e4 Nbd7 14. f4 g6 15.
Ne3 b5 16. e5 b4 17. exf6 bxc3 18. bxc3 Nxf6 19. f5 Bg7 20. fxg6 hxg6 21. Ng4
Ne4 22. Nh6+ Bxh6 23. Bxh6 Ba6 24. Re1 Nxc3 25. Qg4 Qf6 26. Kh1 Qf2 27. Rg1 Qd4
28. Bf4 Bc4 29. Rad1 Nxd1 30. Rxd1 Be2 31. Rxd4 Bxg4 32. Re4 Rxe4 33. Bxe4 Re8
34. Bd3 Bf3+ 35. Kg1 Bxd5 0-1

[Event "Pavlodar Open 2016"]
[Site "Pavlodar, "]
[Date "2016.11.27"]
[Round "8"]
[White "Klimenko, Igor"]
[Black "Markov, Mikhail"]
[Result "0-1"]
[WhiteElo "2337"]
[BlackElo "2430"]
[PlyCount "131"]
[EventDate "2017.??.??"]

1. c4 e6 2. d4 Nf6 3. Nf3 d5 4. Bg5 Be7 5. e3 O-O 6. Nc3 Nbd7 7. cxd5 exd5 8.
Bd3 c6 9. Qc2 Re8 10. O-O h6 11. Bh4 Ne4 12. Bxe7 Qxe7 13. Rab1 a5 14. a3 Nxc3
15. Qxc3 a4 16. Rbe1 Qd6 17. Nd2 Nf6 18. f3 Rd8 19. Bc2 b6 20. Rf2 c5 21. Nb1
Bb7 22. Qd2 Bc6 23. Nc3 Nd7 24. Qd1 b5 25. Qd3 Nf8 26. dxc5 Qxc5 27. Ne2 b4 28.
Nd4 Bb7 29. axb4 Qxb4 30. Ra1 Rd6 31. Qa3 Qxa3 32. bxa3 Nd7 33. Rb1 Nb6 34. Rb4
Bc8 35. Rd2 Bd7 36. Bd3 Rc8 37. Rc2 Rxc2 38. Bxc2 Kf8 39. Bd3 g6 40. Kf2 Be8
41. h4 Nd7 42. g4 Ne5 43. Be2 Bd7 44. g5 h5 45. Kg3 Ke7 46. f4 Ng4 47. Bxg4
hxg4 48. f5 Bxf5 49. Nxf5+ gxf5 50. Rxa4 Rc6 51. Ra7+ Ke6 52. h5 Rc3 53. Kf2 d4
54. exd4 f4 55. g6 g3+ 56. Ke2 Rc2+ 57. Kf3 Rf2+ 58. Ke4 f5+ 59. Kd3 g2 60.
Ra6+ Kd5 61. Ra5+ Kd6 62. Ra6+ Kc7 63. g7 g1=Q 64. Rg6 Qb1+ 65. Kc4 Qa2+ 66.
Kc5 0-1

[Event "Pavlodar Open 2016"]
[Site "Pavlodar, "]
[Date "2016.11.29"]
[Round "10"]
[White "Klimenko, Igor"]
[Black "Grebenschikov, Vladimir"]
[Result "0-1"]
[WhiteElo "2337"]
[BlackElo "2162"]
[PlyCount "89"]
[EventDate "2017.??.??"]

1. d4 Nf6 2. c4 e6 3. Nf3 c5 4. g3 cxd4 5. Nxd4 Bb4+ 6. Bd2 Qb6 7. Bc3 Nc6 8.
Bxb4 Qxb4+ 9. Nc3 Qxc4 10. Ndb5 O-O 11. Nd6 Qb4 12. Bg2 Ne8 13. Nxc8 Rxc8 14.
O-O d5 15. Rb1 Nd6 16. e3 Rfd8 17. h4 Ne5 18. Bxd5 Ndc4 19. Qb3 Qxb3 20. axb3
Nd2 21. Bxb7 Rb8 22. Bg2 Nxb1 23. Rxb1 Rxb3 24. Ne4 Nc4 25. Ra1 a5 26. Bf1 Nd2
27. Nxd2 Rxd2 28. Rxa5 g6 29. Rb5 Rxb5 30. Bxb5 Rxb2 31. Bc6 Kg7 32. Kg2 Kf6
33. Kf3 h5 34. Kg2 g5 35. hxg5+ Kxg5 36. Be8 f5 37. Bf7 e5 38. Be8 h4 39. gxh4+
Kxh4 40. Bd7 Kg5 41. Kg3 Rb4 42. Bc8 f4+ 43. exf4+ exf4+ 44. Kg2 Rb3 45. Bd7
0-1

[Event "Pavlodar Open 2016"]
[Site "Pavlodar, "]
[Date "2016.11.23"]
[Round "4"]
[White "Khegay, Dmitriy"]
[Black "Makhnyov, Denis"]
[Result "0-1"]
[WhiteElo "2485"]
[BlackElo "2366"]
[PlyCount "100"]
[EventDate "2017.??.??"]

1. d4 d5 2. c4 dxc4 3. e4 Nc6 4. Nf3 Bg4 5. d5 Ne5 6. Bf4 Ng6 7. Bg3 e5 8. Bxc4
Bd6 9. Bb5+ Bd7 10. Bxd7+ Qxd7 11. Nc3 Nf6 12. O-O O-O 13. Qb3 a6 14. a4 Rab8
15. Qc2 Nh5 16. Nd1 b5 17. axb5 Qxb5 18. Nd2 f5 19. exf5 Ngf4 20. Bxf4 Nxf4 21.
Nc4 Nxd5 22. Nde3 Nxe3 23. fxe3 Qc6 24. Rac1 Rb4 25. Qd1 Qe4 26. Kh1 Be7 27.
Qd7 Bf6 28. Qxc7 Rd8 29. Qc5 Rb5 30. Qa3 Qa8 31. e4 h6 32. Nd6 Rb6 33. Rfd1 Kh7
34. Nc4 Rbb8 35. Qf3 Rb4 36. Rd5 Rc8 37. b3 Qb8 38. Rc3 a5 39. Nxa5 Rxe4 40.
Qxe4 Rxc3 41. h3 Rc1+ 42. Kh2 Qb6 43. Nc4 Qg1+ 44. Kg3 Rc3+ 45. Rd3 Qb1 46. Nb2
Qxb2 47. Rxc3 Qxc3+ 48. Qf3 Qd4 49. Qg4 Qe3+ 50. Kh2 Qxb3 0-1

[Event "Pavlodar Open 2016"]
[Site "Pavlodar, "]
[Date "2017.11.23"]
[Round "4"]
[White "Kazakov, Konstantin"]
[Black "Gabrielian, Artur"]
[Result "0-1"]
[WhiteElo "2285"]
[BlackElo "2523"]
[PlyCount "52"]
[EventDate "2017.??.??"]

1. e4 c5 2. Nf3 d6 3. d4 cxd4 4. Qxd4 Nc6 5. Bb5 Bd7 6. Bxc6 Bxc6 7. Nc3 Nf6 8.
Bg5 e6 9. O-O-O Be7 10. Rhe1 O-O 11. Qd2 Rc8 12. Nd4 Re8 13. Kb1 a6 14. Nxc6
Rxc6 15. f3 Qc7 16. Ne2 Rc8 17. c3 b5 18. Rc1 h6 19. Bf4 Nd7 20. Nd4 Rb6 21.
Nb3 Rb7 22. c4 bxc4 23. Na5 Nb6 24. Nxb7 Qxb7 25. Be3 Na4 26. b3 d5 0-1

[Event "Pavlodar Open 2016"]
[Site "Pavlodar, "]
[Date "2016.11.27"]
[Round "8"]
[White "Kanaev, A."]
[Black "Tokhirjonova, Gulrukhbegim"]
[Result "0-1"]
[WhiteElo "2064"]
[BlackElo "2286"]
[PlyCount "74"]
[EventDate "2017.??.??"]

1. d4 d5 2. c4 c6 3. Nc3 Nf6 4. cxd5 cxd5 5. Bf4 Nc6 6. e3 Bf5 7. Nf3 Rc8 8.
Bb5 a6 9. Bxc6+ bxc6 10. Qa4 Qb6 11. O-O e6 12. Ne5 Be7 13. Rac1 O-O 14. f3
Rfd8 15. g4 Bg6 16. h4 Nd7 17. Nxd7 Rxd7 18. h5 Bd3 19. Rfd1 Bb5 20. Qb3 Qa7
21. Nxb5 axb5 22. Rc3 Qb6 23. Rdc1 b4 24. a3 Rb7 25. axb4 Bxb4 26. R3c2 Qa6 27.
Rd1 c5 28. dxc5 Bxc5 29. Qd3 Qxd3 30. Rxd3 Bxe3+ 31. Bxe3 Rxc2 32. Bd4 f6 33.
f4 Rb4 34. g5 fxg5 35. fxg5 Rcc4 36. Bc3 Rg4+ 37. Kf2 Rbf4+ 0-1

[Event "Pavlodar Open 2016"]
[Site "Pavlodar, "]
[Date "2016.11.27"]
[Round "8"]
[White "Kali, Yelimzhan"]
[Black "Kvan, Andrey"]
[Result "0-1"]
[WhiteElo "1897"]
[BlackElo "2180"]
[PlyCount "119"]
[EventDate "2017.??.??"]

1. e4 Nc6 2. Nf3 d6 3. d4 Bg4 4. Be2 Nf6 5. Nc3 g6 6. h3 Bxf3 7. Bxf3 Bg7 8.
Be3 O-O 9. O-O e5 10. d5 Ne7 11. Qd2 Nd7 12. Bh6 f5 13. Bxg7 Kxg7 14. Be2 Nf6
15. f3 f4 16. Bd3 g5 17. Ne2 Ng6 18. Kf2 c6 19. Qb4 Rf7 20. c4 a5 21. Qb3 Nd7
22. Bc2 Nc5 23. Qc3 Qb6 24. Ke1 cxd5 25. exd5 Rc8 26. Rb1 Qa6 27. b3 b5 28. Nc1
Rfc7 29. Nd3 Nd7 30. Nb2 Nb6 31. Be4 Qa7 32. Bd3 Rf8 33. Be4 Nh4 34. Rf2 Rfc8
35. Rc1 a4 36. Qd3 a3 37. Nd1 bxc4 38. bxc4 Rxc4 39. Rfc2 Qa5+ 40. Kf1 Rxc2 41.
Rxc2 Rxc2 42. Qxc2 Nxd5 43. Qc6 Nf6 44. Qxd6 Nxe4 45. Qd7+ Kh6 46. fxe4 Ng6 47.
Qe8 Qa6+ 48. Ke1 Qb6 49. Nf2 Qb1+ 50. Ke2 Qxa2+ 51. Ke1 Qb1+ 52. Ke2 Qb2+ 53.
Ke1 Qb4+ 54. Ke2 Qe7 55. Ng4+ Kg7 56. Qa4 h5 57. Nf2 Qc5 58. Nd1 Kh6 59. Qb3 g4
60. hxg4 0-1

[Event "Pavlodar Open 2016"]
[Site "Pavlodar, "]
[Date "2016.11.21"]
[Round "1"]
[White "Isanzhulov, Arystan"]
[Black "Vokarev, Sergey"]
[Result "0-1"]
[WhiteElo "1961"]
[BlackElo "2454"]
[PlyCount "48"]
[EventDate "2017.??.??"]

1. e4 c5 2. Nf3 Nc6 3. d4 cxd4 4. Nxd4 g6 5. Nc3 Bg7 6. Be3 Nf6 7. Be2 O-O 8.
O-O d5 9. exd5 Nb4 10. d6 Qxd6 11. Ndb5 Qb8 12. Bc5 Nc6 13. Bf3 a6 14. Nd4 Nxd4
15. Bxd4 Rd8 16. Bd5 e6 17. Qf3 Nxd5 18. Bxg7 Kxg7 19. Rad1 Bd7 20. Ne4 Qf4 21.
Qe2 Bc6 22. g3 Qe5 23. f4 Qxb2 24. Qe1 Nf6 0-1

[Event "Pavlodar Open 2016"]
[Site "Pavlodar, "]
[Date "2016.11.21"]
[Round "2"]
[White "Dakhaev, Islam"]
[Black "Agmanov, Zhandos"]
[Result "0-1"]
[WhiteElo "2103"]
[BlackElo "2356"]
[PlyCount "56"]
[EventDate "2017.??.??"]

1. d4 Nf6 2. Nf3 e6 3. c4 Bb4+ 4. Bd2 a5 5. Qc2 d5 6. e3 b6 7. cxd5 exd5 8.
Bb5+ c6 9. Bd3 Bd6 10. O-O O-O 11. Ne5 c5 12. f4 Ba6 13. Nc3 Bxd3 14. Qxd3 Na6
15. a3 c4 16. Qf5 Nc7 17. a4 Bb4 18. g4 Bxc3 19. Bxc3 Ne4 20. Qh5 f6 21. Nf3
Qe8 22. Qxe8 Rfxe8 23. Be1 Na6 24. Nd2 Nd6 25. Bf2 Nb4 26. Rac1 Rac8 27. Kg2
Nd3 28. Rc2 Nxb2 0-1

[Event "Pavlodar Open 2016"]
[Site "Pavlodar, "]
[Date "2016.11.26"]
[Round "7"]
[White "Bezgodov, Alexei"]
[Black "Egorov, Evgeny"]
[Result "0-1"]
[WhiteElo "2497"]
[BlackElo "2361"]
[PlyCount "78"]
[EventDate "2017.??.??"]

1. e4 Nc6 2. d4 d5 3. Nc3 dxe4 4. d5 Ne5 5. Qd4 Ng6 6. Qxe4 Nf6 7. Qa4+ c6 8.
dxc6 bxc6 9. g3 Bd7 10. Bg2 Nd5 11. Nxd5 cxd5 12. Qd4 e6 13. Nf3 Rc8 14. O-O
Bb5 15. Re1 Rxc2 16. Be3 a6 17. Rac1 Rxc1 18. Bxc1 Qd6 19. b3 Qc5 20. Qa1 Bd7
21. h4 f6 22. h5 Ne7 23. h6 Kf7 24. Bh3 Nc6 25. Bb2 Rg8 26. hxg7 Bxg7 27. Qd1
Bh6 28. Kg2 Qd6 29. Qd3 Rg7 30. Qxa6 Bf4 31. Ba3 Qc7 32. Qe2 e5 33. Ng1 Nd4 34.
Qh5+ Kg8 35. Bb2 Rg5 36. Qd1 Bxg3 37. fxg3 e4 38. g4 Bxg4 39. Bxg4 Qf4 {Time}
0-1

[Event "Pavlodar Open 2016"]
[Site "Pavlodar, "]
[Date "2016.11.27"]
[Round "8"]
[White "Bekturov, Tamerlan"]
[Black "Turar, Dastan"]
[Result "0-1"]
[WhiteElo "2032"]
[BlackElo "2260"]
[PlyCount "57"]
[EventDate "2017.??.??"]

1. d4 Nf6 2. c4 g6 3. Nc3 Bg7 4. e4 d6 5. Nf3 O-O 6. Be2 Bg4 7. Qb3 Bxf3 8.
Bxf3 Nc6 9. Ne2 Nd7 10. e5 Rb8 11. exd6 cxd6 12. Be3 Qa5+ 13. Bd2 Qa6 14. Bc3
e5 15. Rd1 exd4 16. Nxd4 Rfe8+ 17. Ne2 Nc5 18. Qc2 Qxc4 19. O-O d5 20. b3 Rxe2
21. Bxe2 Qxc3 22. Qxc3 Bxc3 23. Rxd5 b6 24. Rc1 Bb2 25. Rcd1 Bc3 26. Rc1 Bg7
27. g3 Ne7 28. Rd2 a5 29. Bc4 0-1

[Event "Pavlodar Open 2016"]
[Site "Pavlodar, "]
[Date "2016.11.21"]
[Round "1"]
[White "Bekturov, Tamerlan"]
[Black "Malakhatko, Vadim"]
[Result "0-1"]
[WhiteElo "2032"]
[BlackElo "2504"]
[PlyCount "60"]
[EventDate "2017.??.??"]

1. d4 e6 2. c4 Bb4+ 3. Nc3 c5 4. d5 Bxc3+ 5. bxc3 Qa5 6. Qd3 Nf6 7. Bg5 Ne4 8.
Bd2 Nxd2 9. Qxd2 O-O 10. g3 d6 11. Bg2 e5 12. e4 Qa4 13. Ne2 Nd7 14. O-O Nb6
15. f4 Nxc4 16. Qd3 b6 17. Rf2 Ba6 18. Qf3 f5 19. exf5 e4 20. Qh5 Qe8 21. Qh3
Nd2 22. g4 e3 23. Rf3 Nxf3+ 24. Qxf3 Bxe2 25. Qxe2 Qa4 26. Rf1 Rae8 27. h4 b5
28. Rf3 Qc4 29. Qe1 e2 30. Rf2 b4 0-1

[Event "Pavlodar Open 2016"]
[Site "Pavlodar, "]
[Date "2016.11.29"]
[Round "10"]
[White "Akhmetov, Ayan"]
[Black "Babujian, Levon"]
[Result "0-1"]
[WhiteElo "2305"]
[BlackElo "2461"]
[PlyCount "79"]
[EventDate "2017.??.??"]

1. e4 c5 2. Nf3 d6 3. d4 cxd4 4. Nxd4 Nf6 5. Nc3 a6 6. h3 e6 7. g4 b5 8. Bg2
Bb7 9. O-O Qc7 10. Re1 Be7 11. g5 Nfd7 12. f4 Nc6 13. Nf5 exf5 14. Nd5 Qd8 15.
exf5 O-O 16. f6 Bxf6 17. gxf6 Nxf6 18. f5 Nxd5 19. Bxd5 Ne5 20. Bxb7 Qb6+ 21.
Re3 Qxb7 22. f6 Rfe8 23. Rg3 Ng6 24. Be3 Re6 25. fxg7 Rae8 26. Qd3 Qe7 27. Bd2
Ne5 28. Qd5 Qh4 29. Kh2 Qh5 30. Kh1 Rg6 31. Rag1 Rxg3 32. Rxg3 Qd1+ 33. Kh2 Nc4
34. Rg2 Ne3 35. Qc6 Nf1+ 36. Kh1 Nxd2+ 37. Kh2 Nf3+ 38. Kg3 Qe1+ 39. Rf2 Ng5
40. Qd5 0-1

[Event "Pavlodar Open 2016"]
[Site "Pavlodar, "]
[Date "2016.11.22"]
[Round "3"]
[White "Agmanov, Zhandos"]
[Black "Malakhatko, Vadim"]
[Result "0-1"]
[WhiteElo "2356"]
[BlackElo "2504"]
[PlyCount "116"]
[EventDate "2017.??.??"]

1. e4 c5 2. Nf3 e6 3. d4 cxd4 4. Nxd4 Nc6 5. Nc3 Qc7 6. Be3 a6 7. Qd2 Nf6 8. f3
h5 9. O-O-O Be7 10. Kb1 d6 11. Bg5 Bd7 12. f4 Nxd4 13. Qxd4 Bc6 14. Be2 e5 15.
Qe3 Rc8 16. fxe5 dxe5 17. Bxf6 Bxf6 18. g4 hxg4 19. Bxg4 Rd8 20. Rxd8+ Bxd8 21.
Qd3 Rh6 22. Nd5 Qd6 23. c4 Bb6 24. Qf3 Bxd5 25. cxd5 Rf6 26. Qc3 Rf4 27. Qc8+
Bd8 28. Re1 g6 29. h3 Qb6 30. Qb8 Kf8 31. Qc8 Kg7 32. Qc3 Qd6 33. Bc8 Bb6 34.
Qc4 Bd4 35. Rf1 Qb6 36. b3 Rxf1+ 37. Qxf1 Qb4 38. Qc1 a5 39. Bg4 a4 40. Bd1 a3
41. Qc2 Bc5 42. Qd3 Bd6 43. Kc2 Qe1 44. Kc1 Qf2 45. Bc2 Kf6 46. Kb1 Ke7 47. Kc1
Bc5 48. Kd1 Kd6 49. Kc1 Bb4 50. Kb1 f5 51. Qd1 f4 52. Qg4 Qe1+ 53. Bd1 Qxe4+
54. Bc2 Qe1+ 55. Bd1 Qe4+ 56. Bc2 Qd4 57. Qe6+ Kc5 58. Qc8+ Kb6 0-1